| 000 | 01364cad a22001935a 4500 | ||
|---|---|---|---|
| 001 | L157530 | ||
| 008 | 130111s2013 xxk f 000 0 eng d | ||
| 035 | _a(Sirsi) u157530 | ||
| 041 | 0 | _aeng | |
| 110 | 2 |
_aUnited Kingdom _bDepartment of Transport _94934 |
|
| 245 | 0 | 0 |
_aGovernement Response _bStopping up and Diversion Orders Reform of the Application Process for Local Highways |
| 260 |
_aLondon _bDOT _c2013 |
||
| 520 | _aGovernment response to the consultation detailing proposals to simplify the process of applying for the stopping up or diversion of a highway, where this is required for the purposes of development. The main options presented in the consultation were to permit applications for a stopping up or diversion order to be submitted at the same time as applying for planning permission and to devolve decision-making to the local authority level. The government has decided not to devolve the stopping up and diversion order process to a local level but continues to support the option of allowing these applications to be made alongside planning applications. | ||
| 590 | _aKA | ||
| 651 | 4 | _aEngland | |
| 690 |
_aPlanning and development _96259 |
||
| 856 | 4 | 0 |
_uhttps://www.gov.uk/government/uploads/system/uploads/attachment_data/file/48949/final-response.pdf _zView the response to the consultation free of charge at www.gov.uk |
| 942 | _n0 | ||
| 999 |
_c114822 _d114822 |
||